000 00646nam a2200241 i 4500
001 6780
003 ES-MaACL
005 20230906145106.0
007 t|
008 900531s1989 mx ||||1| spa d
020 _a968-15-0781-9
080 _a32:92 Miro, Fidel
080 _a86-94"19"
080 _a86(Miro,F.7 V.01)
100 1 _aMiro, Fidel.
_981601
245 1 0 _aVida intensa y revolucionaria /
_cFidel Miro.
250 _a1a ed.
260 _aMexico :
_bEditores mexicanos unidos,
_c1989.
300 _a331 p. ;
_c19 cm.
500 _aIndice.
600 1 4 _aMiro, Fidel.
_981601
852 _aES-MaACL
_jL-13989
_bR.117464
_z. - rust.
999 _c6780
_d6780